000 00613nam a22001697a 4500
005 20251108165030.0
008 250721s1994 xx 000 0 ara d
082 1 4 _a361.8/احم
100 1 _aخاطر، أحمد مصطفى
245 1 0 _aطريقة الخدمة الإجتماعية في تنظيم المجتمع مدخل لتنمية المجتمع المحلي... /
264 1 _aالإسكندرية :
_bالمكتب الجامعي الحديث،
_c1994.
300 _a336ص
650 1 7 _aالخدمات الإجتماعية
650 1 7 _aتنظيم المجتمع
942 _2ddc
_cBK
999 _c20413
_d20413